| 000 | 00523nam a2200193Ia 4500 | ||
|---|---|---|---|
| 005 | 20250508151022.0 | ||
| 008 | 008 250505s9999 xx 000 0 eng d | ||
| 037 | _aTextual | ||
| 040 |
_aFEDL _beng _cFEDL |
||
| 041 |
_aeng _2eng |
||
| 084 |
_a155.4, BAR _qFEDL |
||
| 100 |
_aBaron Kathleen _9758206 |
||
| 245 | 0 | _aBringing up children | |
| 260 |
_aLondon, UK _bEnglish Unversity Press Ltd. |
||
| 300 | _a192p | ||
| 650 | _aChild psychology | ||
| 942 |
_cTEXL _h155.4, BAR |
||
| 999 |
_c1327086 _d1327086 |
||